000
00333nam a2200145 a 4500
001
0001-1427
003
ELIB.Books
008
160924 2010 eng
035
_a
(ELIB.Books)0001-1582
300
_c
20.5 cm
856
_n
KBTS Library
_u
KBTS: ELIB
942
_2
ddc
_c
BK
998
_c
bat
_e
2016-09-24
999
_c
11427
_d
11427